000 00767nam a2200253Ia 4500
003 OSt
005 20221005072348.0
006 a|||||r|||| 00| 0
007 ta
008 221004b |||||||| |||| 00| 0 eng d
020 _a8124603529 (hbk)
_c200
024 _a89613
037 _b19397, 18/03/2008, Motilal Banarsidass
_cTextual
040 _aCRL
_cCRL
_beng
041 _2eng
_aeng
082 _aR66, p6
100 _aSharma Arvind
245 0 _aSea-shell as silver
_b a metaphorical excursion into advaita vedanta
260 _aNew Delhi
_bD.K.Printworld India
_c2006
300 _avi,110p.
_ccm.
650 _aPHILOSOPHY
942 _hR66, p6
_cTEXL
_2cc
999 _c979316
_d979316